Music Quiz

Random Music or Artist Quiz

4-Letter Solo Acts Quiz Stats

 Plays Quiz Updated Dec 5, 2018

Support Sporcle.
Go Orange.
Score 0/34 Timer 11:00
23 Plays Today
First hit / Bio / Style / Song Artist % Correct
90's / U.K. male / Soul-pop / 'Kiss From A Rose'Seal
74.8%
60's / U.S. female / Pop / 'If I Could Turn Back Time'Cher
64.6%
00's / U.S. female / Pop / 'Get This Party Started'P!nk
56.7%
00's / Senegal-U.S. male / Rap-Soul / 'Smack That'Akon
55.2%
90's / U.S. male / Modern rock / 'Loser'Beck
55%
90's / U.S. male / Rap / 'Empire State Of Mind'Jay-Z
54.8%
80's / German female / Pop / '99 Luftballons'Nena
34.9%
00's / U.K. male / Pop / 'Grace Kelly'Mika
30.7%
90's / U.K. female / Pop / 'Thank You'Dido
30.5%
00's / U.S. female / Pop / 'Leave (Get Out)'JoJo
26.9%
80's / Irish female / New age / 'Only Time'Enya
26.3%
00's / U.S. male / Soul-pop / 'Miss Independent'Ne-Yo
24.8%
90's / Canadian male / Rap / 'Informer'Snow
24%
00's / U.S. male / Hip-hop / 'This Is Why I'm Hot'MIMS
21.8%
60's / U.S. male / Pop / 'Runaround Sue'Dion
20.8%
90's / U.S. male / Soul / 'Sexy Can I'Ray J
19.1%
60's / U.K. female / Pop / 'To Sir With Love'Lulu
17.5%
First hit / Bio / Style / Song Artist % Correct
80's / Indonesian-Dutch male / Pop / 'Puttin' On The Ritz'Taco
15.2%
10's / Russian-German male / Pop / EDM / 'Clarity'Zedd
14%
00's / US Virgin Islands male / Rap / 'Replay'Iyaz
13.4%
90's / U.S. male / Electronica / 'Why Does My Heart Feel So Bad'Moby
11.5%
80's / U.S. male / Rap / 'Colors'Ice T
11.3%
70's / U.S. male / Pop / 'Me And You And A Dog Named Boo'Lobo
5.9%
70's / Irish female / Pop / 'All Kinds Of Everything'Dana
5.9%
90's / German male / Dance-pop / 'Encore Une Fois'Sash!
5.1%
60's / German female / Rock / Chelsea Girl (LP)Nico
5%
70's / U.S. male / Disco / 'Star Wars/Cantina Band'Meco
3.1%
90's / U.S. male / Rap / 'What You Want'Mase
3.1%
90's / U.S. male / Soul / 'Faded Pictures'Case
2.7%
90's / U.S. male / Pop & Soul / 'I Like It'Dino
2.4%
00's / U.S. female / Pop / 'I Think I Love You'Kaci
2%
90's / U.S. female / R&B / 'Time After Time'Inoj
2%
90's / U.S. male / Soul / 'Someone To Love'Jon B
1.8%
90's / U.S. male / Soul / 'I Belong To You (Everytime I See Your Face)'Rome
1.6%

From the Vault

Anime by Opening

by Johnny

If you'd like to see more anime quizzes on Sporcle, be sure to favorite this quiz.
Remove Ads.
Support Sporcle.
Get the best of Sporcle when you Go Orange. This ad-free experience offers more features, more stats, and more fun while also helping to support Sporcle. Thank you for becoming a member.

Show Comments

Extras

Top Quizzes Today


Score Distribution

Your Account Isn't Verified!

In order to create a playlist on Sporcle, you need to verify the email address you used during registration. Go to your Sporcle Settings to finish the process.

Report this User

Report this user for behavior that violates our Community Guidelines.

Details: